WATERSHED DEVELOPMENT WITH SPECIAL REFRENCE TO SOIL AND WATER CONSERVATION (Record no. 14220)

MARC details
000 -LEADER
fixed length control field 00492nam a22001817a 4500
003 - CONTROL NUMBER IDENTIFIER
control field OSt
005 - DATE AND TIME OF LATEST TRANSACTION
control field 20211021161126.0
008 - FIXED-LENGTH DATA ELEMENTS--GENERAL INFORMATION
fixed length control field 211021b |||||||| |||| 00| 0 eng d
020 ## - INTERNATIONAL STANDARD BOOK NUMBER
International Standard Book Number 92510085890
040 ## - CATALOGING SOURCE
Transcribing agency HAWASSA UNIVERSITY
050 ## - LIBRARY OF CONGRESS CALL NUMBER
Classification number 631.45/GIL
Item number 1
082 ## - DEWEY DECIMAL CLASSIFICATION NUMBER
Classification number 631.45/GIL
Item number 1
100 ## - MAIN ENTRY--PERSONAL NAME
Personal name GIL N.
9 (RLIN) 14961
245 ## - TITLE STATEMENT
Title WATERSHED DEVELOPMENT WITH SPECIAL REFRENCE TO SOIL AND WATER CONSERVATION
260 ## - PUBLICATION, DISTRIBUTION, ETC.
Place of publication, distribution, etc. ROME
Name of publisher, distributor, etc. UNITED NATIONS
Date of publication, distribution, etc. 1985
300 ## - PHYSICAL DESCRIPTION
Extent X/257
942 ## - ADDED ENTRY ELEMENTS (KOHA)
Source of classification or shelving scheme Dewey Decimal Classification
Koha item type Books like text book referance book
Suppress in OPAC No
Holdings
Withdrawn status Lost status Source of classification or shelving scheme Damaged status Not for loan Home library Current library Date acquired Total Checkouts Full call number Barcode Date last seen Copy number Price effective from Koha item type
    Dewey Decimal Classification     College of Agriculture Library College of Agriculture Library 10/21/2021   631.45/GIL ALIB0001930 10/21/2021 1 10/21/2021 Books like text book referance book